Statystyki dla Stolica każdego województwa

Kliknij tutaj aby rozwiązać quiz!

Ogólne statystyki

  • Ten quiz został rozwiązany 136 razy
  • Średni wynik to 15 z 16

Statystyki odpowiedzi

WojewództwoOdpowiedźPopulacja% Poprawnych
OpolskieOpole127,839
99%
MazowieckieWarszawa1,794,166
99%
PomorskieGdańsk470,633
98%
ŁódzkieŁódź667,923
98%
MałopolskieKraków780,796
97%
LubelskieLublin337,788
96%
ZachodniopomorskieSzczecin396,472
96%
PodlaskieBiałystok296,401
95%
ŚląskieKatowice290,553
95%
WielkopolskiePoznań532,048
95%
DolnośląskieWrocław641,928
95%
Kujawsko-pomorskieBydgoszcz / Toruń344,091 / 197,812
94%
LubuskieGorzów Wielkopolski / Zielona Góra121,714 / 140,892
90%
Warmińsko-mazurskieOlsztyn171,249
90%
PodkarpackieRzeszów198,476
90%
ŚwiętokrzyskieKielce192,498
89%

Rozkład punktacji

Percentyl według liczby udzielonych odpowiedzi

Procent ludzi z każdym wynikiem

Twoja historia wyników

Nie rozwiązałeś tego quizu